000 01418nam0a2200301 4500
001 RU\NLR\bibl\925116
005 20250614191157.0
010 _z7890-0336-2
_9100
021 _aRU
_b2006-7911
_9380
035 _a(NLR Aleph) 000913377
090 _a53890
_c53890
100 _a20060403d2005 |||y0rusy50 ca
101 0 _arus
102 _aRU
105 _aa |||||||||
200 1 _aОборудование и автоматизация процессов тепловой обработки материалов и изделий
_eучебное пособие
_fЮ.А. Корнилов
_gФедер. агентство по образованию, Гос. образоват. учреждение высш. проф. образования Дон. гос. техн. ун-т
210 _aРостов-на-Дону
_cИздательский центр ДГТУ
_d2005
215 _a71 с.
_cил.
_d21
320 _aБиблиогр.: с. 70 (3 назв.)
606 1 _aМатериалы
_jУчебные издания для высших учебных заведений
_xТермическая обработка
_92110557
_3RU\NLR\auth\661275557
686 _aЖ676.1я73-1
700 1 _aКорнилов
_bЮ. А.
_gЮрий Анатольевич
_4070
801 0 _aRU
_bNLR
_c20060403
_grcr
801 1 _aRU
_bNLR
_c20060403
830 _aавт. по кн.
942 _cBOOK
980 _aNB